[Event "Quebec-ch"]
[Site "Montreal"]
[Date "2004.07.04"]
[Round "9"]
[White "Berube, Richard"]
[Black "Lawson, Eric"]
[Result "0-1"]
[WhiteElo "2331"]
[BlackElo "2359"]
[PlyCount "90"]
[EventDate "2004.06.??"]
[EventType "tourn"]
[EventRounds "9"]
[EventCountry "CAN"]
[SourceTitle "EXT 2006"]
[Source "ChessBase"]
[SourceDate "2005.11.24"]
[SourceVersion "1"]
[SourceVersionDate "2005.11.24"]
[SourceQuality "1"]

1. e4 c5 2. Nc3 Nc6 3. Nge2 Nf6 4. g3 d5 5. exd5 Nd4 6. Bg2 Bg4 7. 0-0 Nf3+ 8. Bxf3 Bxf3 9. d4 c4 10. Qd2 Nxd5 11. Nf4 e6 12. Ncxd5 Bxd5 13. Re1 Be7 14. Nxd5 Qxd5 15. c3 Bf6 16. Qe2 0-0 17. Bf4 b5 18. Be5 Be7 19. Qg4 f6 20. Bf4 Kf7 21. Re2 a5 22. Rae1 Ra6 23. Qh3 h5 24. Qg2 Qxg2+ 25. Kxg2 Rd8 26. h4 b4 27. Rc1 Rc6 28. Rec2 b3 29. axb3 cxb3 30. Re2 a4 31. Bd2 a3 32. bxa3 Bxa3 33. Rb1 b2 34. Be1 e5 35. dxe5 fxe5 36. Rxe5 Rcd6 37. Rf5+ Kg8 38. c4 Rd1 39. Rxb2 Bxb2 40. Ba5 Rf8 41. Rxh5 Rc1 42. Bb4 Rf6 43. c5 Rc2 44. Be1 Bc3 45. Bxc3 Rxc3 0-1

[Event "Quebec-ch"]
[Site "Montreal"]
[Date "2004.07.02"]
[Round "7"]
[White "Berube, Richard"]
[Black "Voskanyan, Vahagn"]
[Result "1/2-1/2"]
[WhiteElo "2331"]
[BlackElo "2300"]
[PlyCount "127"]
[EventDate "2004.06.??"]
[EventType "tourn"]
[EventRounds "9"]
[EventCountry "CAN"]
[SourceTitle "EXT 2006"]
[Source "ChessBase"]
[SourceDate "2005.11.24"]
[SourceVersion "1"]
[SourceVersionDate "2005.11.24"]
[SourceQuality "1"]

1. e4 c6 2. d4 d5 3. Nc3 dxe4 4. Nxe4 Nf6 5. Nxf6+ exf6 6. c3 Be7 7. Bd3 Be6 8. Ne2 Qd7 9. Qc2 Na6 10. 0-0 Nc7 11. c4 Bg4 12. Be3 Bxe2 13. Qxe2 0-0 14. Rad1 Rfe8 15. Qf3 g6 16. Bc2 f5 17. Qg3 Bd6 18. Qh4 Rad8 19. d5 cxd5 20. cxd5 a6 21. Bg5 Rc8 22. Bb3 Re4 23. Qh3 Rce8 24. Bf6 Be5 25. Bxe5 R8xe5 26. d6 Nb5 27. Bxf7+ Kg7 28. Bd5 Rd4 29. Rxd4 Nxd4 30. Bb3 Qxd6 31. Rd1 Qb4 32. Kf1 Qb5+ 33. Qd3 Nxb3 34. axb3 Rd5 35. Qxb5 Rxb5 36. Rd3 g5 37. Ke2 Kf6 38. Kd2 h5 39. Kc2 Rb4 40. Kc3 Re4 41. Rd6+ Ke5 42. Rd7 Rh4 43. h3 g4 44. hxg4 hxg4 45. g3 Rh2 46. Re7+ Kf6 47. Re2 Rg2 48. Kd3 Rg1 49. Ke3 Rc1 50. Kd4 Rc6 51. Kd5 Rb6 52. Re3 Rb4 53. Kc5 a5 54. Rd3 Ke5 55. Re3+ Kf6 56. Rd3 Kg5 57. Kd6 b6 58. Ke6 Re4+ 59. Kf7 Re2 60. Rd6 Rxf2 61. Kg7 Rxb2 62. Rg6+ Kh5 63. Rh6+ Kg5 64. Rg6+ 1/2-1/2

[Event "Quebec-ch"]
[Site "Montreal"]
[Date "2004.06.29"]
[Round "5"]
[White "Bolduc, Steve"]
[Black "Berube, Richard"]
[Result "1-0"]
[WhiteElo "2121"]
[BlackElo "2331"]
[PlyCount "147"]
[EventDate "2004.06.??"]
[EventType "tourn"]
[EventRounds "9"]
[EventCountry "CAN"]
[SourceTitle "EXT 2006"]
[Source "ChessBase"]
[SourceDate "2005.11.24"]
[SourceVersion "1"]
[SourceVersionDate "2005.11.24"]
[SourceQuality "1"]

1. d4 d5 2. Nf3 Nf6 3. c4 c6 4. e3 a6 5. Nbd2 Bf5 6. Be2 h6 7. Ne5 e6 8. 0-0 Bd6 9. f4 Bh7 10. Ndf3 0-0 11. c5 Bxe5 12. fxe5 Ne4 13. Bd2 Nd7 14. Be1 f6 15. exf6 gxf6 16. Nd2 Nxd2 17. Qxd2 Be4 18. Bg3 Rf7 19. Rf4 Kh7 20. Qb4 Nf8 21. Raf1 f5 22. Bh4 Qd7 23. Bh5 Rg7 24. R4f2 Ng6 25. Bf6 Rgg8 26. g3 Raf8 27. Bxg6+ Rxg6 28. Be5 Rfg8 29. Rc1 Rf8 30. Qb6 Rf7 31. Rf4 Qe7 32. Kf2 Rg4 33. Qa7 Qd8 34. Qb8 Qxb8 35. Bxb8 Rg8 36. Be5 h5 37. Ke2 Rg4 38. Rg1 Rf8 39. h3 Rxf4 40. Bxf4 Rg8 41. h4 Kg6 42. Rc1 Rg7 43. Kd2 Kf7 44. Kc3 Ke8 45. Kb4 Kd7 46. Rc3 Kc8 47. Ka5 Bg2 48. Rc1 Be4 49. Rd1 Bf3 50. Rd2 Be4 51. b4 Rg8 52. Kb6 Bf3 53. a4 Rg6 54. Be5 Be4 55. b5 cxb5 56. axb5 f4 57. c6 bxc6 58. bxa6 Kd7 59. a7 Rg8 60. Bxf4 e5 61. Bxe5 Rf8 62. Bb8 Rf1 63. Rb2 Ra1 64. Kc5 Bd3 65. Rb7+ Ke6 66. Bf4 Ra6 67. Bc7 Ra4 68. Be5 Ra6 69. Kb4 Be2 70. Bf4 Bd3 71. Kc3 Be2 72. Kb2 Bc4 73. Bc7 c5 74. Rb6+ 1-0

[Event "Quebec-ch"]
[Site "Montreal"]
[Date "2004.06.27"]
[Round "3"]
[White "Hebert, Jean"]
[Black "Berube, Richard"]
[Result "1-0"]
[WhiteElo "2431"]
[BlackElo "2331"]
[PlyCount "61"]
[EventDate "2004.06.??"]
[EventType "tourn"]
[EventRounds "9"]
[EventCountry "CAN"]
[SourceTitle "EXT 2006"]
[Source "ChessBase"]
[SourceDate "2005.11.24"]
[SourceVersion "1"]
[SourceVersionDate "2005.11.24"]
[SourceQuality "1"]

1. c4 Nf6 2. Nf3 e6 3. d4 b6 4. a3 c5 5. e3 Bb7 6. Nc3 cxd4 7. exd4 Be7 8. d5 exd5 9. cxd5 d6 10. Bc4 0-0 11. 0-0 Nbd7 12. Re1 a6 13. Nd4 b5 14. Ba2 Re8 15. Bf4 Nb6 16. Nf5 Qd7 17. Nxe7+ Rxe7 18. Qd4 Rae8 19. Re3 Rxe3 20. Bxe3 Na4 21. Nxa4 bxa4 22. Rd1 Rc8 23. Bg5 Ne8 24. Bb1 f6 25. Bd2 g6 26. Bc3 Kg7 27. Bc2 Rc5 28. Bxa4 Qf5 29. Qe3 Rxd5 30. Qe7+ Kh6 31. Qxb7 1-0

[Event "Elekes Memorial IM 29th"]
[Site "Budapest"]
[Date "2004.05.19"]
[Round "5"]
[White "Berube, Richard"]
[Black "Simonsen, Hans Kristian"]
[Result "1/2-1/2"]
[WhiteElo "2193"]
[BlackElo "2243"]
[PlyCount "29"]
[EventDate "2004.05.15"]
[EventType "tourn"]
[EventRounds "11"]
[EventCountry "HUN"]
[EventCategory "2"]
[SourceTitle "CBM 100 Extra"]
[Source "ChessBase"]
[SourceDate "2004.07.06"]
[SourceVersion "2"]
[SourceVersionDate "2004.07.06"]
[SourceQuality "1"]

1. e4 e6 2. d4 d5 3. Nd2 Nf6 4. e5 Nfd7 5. Bd3 c5 6. c3 b6 7. Ne2 Be7 8. 0-0 Ba6 9. Bxa6 Nxa6 10. f4 g6 11. Nf3 Nc7 12. Be3 f5 13. exf6 Bxf6 14. Ne5 0-0 15. Ng3 1/2-1/2

[Event "Elekes Memorial IM 29th"]
[Site "Budapest"]
[Date "2004.05.18"]
[Round "4"]
[White "Wendt, Jan Dietrich"]
[Black "Berube, Richard"]
[Result "1/2-1/2"]
[WhiteElo "2304"]
[BlackElo "2193"]
[PlyCount "57"]
[EventDate "2004.05.15"]
[EventType "tourn"]
[EventRounds "11"]
[EventCountry "HUN"]
[EventCategory "2"]
[SourceTitle "CBM 100 Extra"]
[Source "ChessBase"]
[SourceDate "2004.07.06"]
[SourceVersion "2"]
[SourceVersionDate "2004.07.06"]
[SourceQuality "1"]

1. Nf3 Nf6 2. c4 e6 3. Nc3 c5 4. d4 d5 5. cxd5 Nxd5 6. e4 Nxc3 7. bxc3 cxd4 8. cxd4 Bb4+ 9. Bd2 Bxd2+ 10. Qxd2 0-0 11. Bc4 Nc6 12. 0-0 Na5 13. Bd3 b6 14. Rfe1 Bb7 15. Rad1 Rc8 16. d5 exd5 17. e5 Nc4 18. Qf4 h6 19. Qf5 g6 20. Qh3 Kg7 21. Nd4 Rc7 22. f4 Bc8 23. Qg3 Nb2 24. Rd2 Nxd3 25. Rxd3 Kh7 26. h3 Be6 27. Kh2 Qd7 28. Qe3 Bf5 29. Nxf5 1/2-1/2

[Event "Le Bolduc-A 2nd"]
[Site "Montreal"]
[Date "2003.10.08"]
[Round "6"]
[White "Berube, Richard"]
[Black "Roussel Roozmon, Thomas"]
[Result "1/2-1/2"]
[WhiteElo "2305"]
[BlackElo "2251"]
[PlyCount "45"]
[EventDate "2003.09.??"]
[EventType "tourn"]
[EventRounds "10"]
[EventCountry "CAN"]
[SourceTitle "EXT 2006"]
[Source "ChessBase"]
[SourceDate "2005.11.24"]
[SourceVersion "1"]
[SourceVersionDate "2005.11.24"]
[SourceQuality "1"]

1. e4 c5 2. Nf3 Nc6 3. Bb5 g6 4. Bxc6 dxc6 5. d3 Bg7 6. 0-0 Nf6 7. h3 Nd7 8. Nbd2 0-0 9. a4 a5 10. Re1 Qc7 11. Nc4 b5 12. Na3 c4 13. axb5 cxd3 14. cxd3 cxb5 15. Nxb5 Qc5 16. Na3 Ba6 17. d4 Qb6 18. Qa4 Qb7 19. Qxa5 Be2 20. Qc3 Rfc8 21. Qe3 Bxf3 22. gxf3 Ra4 23. e5 1/2-1/2

[Event "Le Bolduc-A 2nd"]
[Site "Montreal"]
[Date "2003.09.22"]
[Round "1"]
[White "Roussel Roozmon, Thomas"]
[Black "Berube, Richard"]
[Result "1/2-1/2"]
[WhiteElo "2251"]
[BlackElo "2305"]
[PlyCount "41"]
[EventDate "2003.09.??"]
[EventType "tourn"]
[EventRounds "10"]
[EventCountry "CAN"]
[SourceTitle "EXT 2006"]
[Source "ChessBase"]
[SourceDate "2005.11.24"]
[SourceVersion "1"]
[SourceVersionDate "2005.11.24"]
[SourceQuality "1"]

1. d4 Nf6 2. c4 g6 3. Nc3 d5 4. cxd5 Nxd5 5. e4 Nxc3 6. bxc3 c5 7. Nf3 Bg7 8. Rb1 0-0 9. Be2 cxd4 10. cxd4 Qa5+ 11. Bd2 Qxa2 12. 0-0 Qe6 13. Qc2 Qd7 14. d5 b6 15. Bb5 Qd8 16. Rfc1 Ba6 17. Ba4 Nd7 18. Be3 Rc8 19. Bc6 Nb8 20. Qa4 Bd3 21. Rb3 1/2-1/2

[Event "Agneaux St Lo Masters"]
[Site "Agneaux"]
[Date "2003.07.14"]
[Round "6"]
[White "Berube, Richard"]
[Black "Milliet, Sophie"]
[Result "0-1"]
[WhiteElo "2305"]
[BlackElo "2275"]
[PlyCount "128"]
[EventDate "2003.07.09"]
[EventType "tourn"]
[EventRounds "9"]
[EventCountry "FRA"]
[EventCategory "4"]
[SourceTitle "CBM 095 Extra"]
[Source "ChessBase"]
[SourceDate "2003.09.04"]
[SourceVersion "1"]
[SourceVersionDate "2003.09.04"]
[SourceQuality "1"]

1. e4 d6 2. d4 Nf6 3. Nc3 Nbd7 4. f4 e5 5. Nf3 exd4 6. Qxd4 c6 7. Be3 d5 8. exd5 Bc5 9. Qd3 Qe7 10. Nd4 Nb6 11. 0-0-0 Nbxd5 12. Nxd5 Nxd5 13. Bd2 0-0 14. Nb3 Bb6 15. Qf3 a5 16. a4 Bf5 17. Bd3 Bxd3 18. Qxd3 f5 19. Rhe1 Qf7 20. Qc4 Rfe8 21. Nd4 Bxd4 22. Qxd4 Nf6 23. Kb1 Rad8 24. Rxe8+ Qxe8 25. Qc4+ Qf7 26. Qxf7+ Kxf7 27. Kc1 b6 28. h3 Ne4 29. Be3 Rxd1+ 30. Kxd1 b5 31. b4 axb4 32. a5 Nc3+ 33. Kd2 Nd5 34. a6 Nc7 35. a7 Ke6 36. Bc5 Kd5 37. Bxb4 c5 38. Bc3 g6 39. Be5 Na8 40. g4 Kc6 41. gxf5 gxf5 42. Ke3 Nb6 43. Kf3 Kb7 44. Kg3 Kxa7 45. Kh4 Nd5 46. Kg5 Ne3 47. c3 Kb7 48. Kh6 b4 49. cxb4 cxb4 50. h4 b3 51. Kxh7 Ng2 52. h5 Nxf4 53. h6 Ne6 54. Kg6 f4 55. Kf5 Nf8 56. Kxf4 Ng6+ 57. Kf5 Nxe5 58. h7 b2 59. h8Q b1Q+ 60. Ke6 Qb3+ 61. Kf5 Qd3+ 62. Ke6 Qc4+ 63. Kf5 Nc6 64. Qg7+ Kb6 0-1

[Event "Agneaux St Lo Masters"]
[Site "Agneaux"]
[Date "2003.07.11"]
[Round "3"]
[White "Amoyal, Pierre"]
[Black "Berube, Richard"]
[Result "1-0"]
[WhiteElo "2226"]
[BlackElo "2305"]
[PlyCount "89"]
[EventDate "2003.07.09"]
[EventType "tourn"]
[EventRounds "9"]
[EventCountry "FRA"]
[EventCategory "4"]
[SourceTitle "CBM 095 Extra"]
[Source "ChessBase"]
[SourceDate "2003.09.04"]
[SourceVersion "1"]
[SourceVersionDate "2003.09.04"]
[SourceQuality "1"]

1. d4 Nf6 2. c4 g6 3. Nc3 Bg7 4. e4 d6 5. Nf3 0-0 6. Be2 e5 7. 0-0 Nc6 8. d5 Ne7 9. Ne1 Nd7 10. Be3 f5 11. f3 f4 12. Bf2 g5 13. g4 h5 14. h3 Rf6 15. Kg2 Rh6 16. Nd3 Ng6 17. Rh1 Nh4+ 18. Bxh4 gxh4 19. Kh2 hxg4 20. hxg4 a6 21. Bf1 Nf8 22. Nf2 c6 23. Rg1 Nh7 24. Nh3 Ng5 25. Nxg5 Qxg5 26. Bh3 Qe7 27. Qb3 c5 28. Na4 Rg6 29. Nb6 Rb8 30. Qc3 Kf8 31. Qe1 Qg5 32. b4 Bf6 33. bxc5 dxc5 34. Rb1 Rg7 35. Qa5 Be7 36. Nxc8 Rxc8 37. Rxb7 Rg6 38. Rgb1 Rd8 39. R7b6 Rxb6 40. Rxb6 Rd6 41. Qxc5 Qf6 42. Rb8+ Kf7 43. Qa7 a5 44. c5 Ra6 45. Qc7 1-0

[Event "Agneaux St Lo Masters"]
[Site "Agneaux"]
[Date "2003.07.10"]
[Round "2"]
[White "Berube, Richard"]
[Black "Coursaget, Nicolas"]
[Result "1-0"]
[WhiteElo "2305"]
[BlackElo "2226"]
[PlyCount "71"]
[EventDate "2003.07.09"]
[EventType "tourn"]
[EventRounds "9"]
[EventCountry "FRA"]
[EventCategory "4"]
[SourceTitle "CBM 095 Extra"]
[Source "ChessBase"]
[SourceDate "2003.09.04"]
[SourceVersion "1"]
[SourceVersionDate "2003.09.04"]
[SourceQuality "1"]

1. e4 c5 2. Nf3 Nc6 3. d4 cxd4 4. Nxd4 e5 5. Nb5 d6 6. c4 Be7 7. N1c3 a6 8. Na3 f5 9. exf5 Bxf5 10. Bd3 Be6 11. Nc2 Nf6 12. Ne3 0-0 13. 0-0 Qd7 14. Ne4 Nxe4 15. Bxe4 Rf4 16. Bd5 Nd4 17. f3 Raf8 18. Bxe6+ Qxe6 19. Nd5 Rh4 20. Be3 Nf5 21. Qe2 Nxe3 22. Nxe3 Bd8 23. Nd5 Rf5 24. g4 Rg5 25. Kh1 Rg6 26. Rae1 Rgh6 27. Rf2 Rh3 28. Nf4 Qf6 29. Nxh3 Rxh3 30. c5 Bc7 31. cxd6 Qxd6 32. Rd1 Qc5 33. Qc2 Qe3 34. Qxc7 Rxh2+ 35. Rxh2 Qxf3+ 36. Rg2 1-0

[Event "Agneaux St Lo Masters"]
[Site "Agneaux"]
[Date "2003.07.09"]
[Round "1"]
[White "Terrieux, Kevin"]
[Black "Berube, Richard"]
[Result "1-0"]
[WhiteElo "2236"]
[BlackElo "2305"]
[PlyCount "77"]
[EventDate "2003.07.09"]
[EventType "tourn"]
[EventRounds "9"]
[EventCountry "FRA"]
[EventCategory "4"]
[SourceTitle "CBM 095 Extra"]
[Source "ChessBase"]
[SourceDate "2003.09.04"]
[SourceVersion "1"]
[SourceVersionDate "2003.09.04"]
[SourceQuality "1"]

1. e4 c5 2. Nf3 e6 3. d3 Nc6 4. Nbd2 g6 5. g3 Bg7 6. Bg2 Nge7 7. 0-0 d5 8. Re1 0-0 9. h4 d4 10. e5 Qc7 11. Qe2 Nd5 12. Nf1 Bd7 13. N1h2 b5 14. Ng4 h5 15. Ngh2 Nce7 16. Ng5 Bc6 17. Bf3 Nf5 18. Bxh5 gxh5 19. Qxh5 Rfe8 20. g4 Nh6 21. Ngf3 Kh7 22. Bxh6 Bxh6 23. g5 Rh8 24. gxh6 Rhg8+ 25. Ng5+ Rxg5+ 26. hxg5 Rg8 27. Ng4 Nf4 28. Qh2 Nd5 29. f4 Bb7 30. Nf6+ Nxf6 31. exf6 Qc6 32. Re4 e5 33. Kf2 exf4 34. Qxf4 Qd5 35. Rg1 Rg6 36. Re5 Qc6 37. Re7 Qd5 38. Qe4 Qxe4 39. dxe4 1-0

[Event "Hull Outaouais op"]
[Site "Hull"]
[Date "1996.11.23"]
[Round "5"]
[White "Awate, Avinash S"]
[Black "Berube, Richard"]
[Result "1-0"]
[WhiteElo "2231"]
[BlackElo "2330"]
[PlyCount "123"]
[EventDate "1996.11.22"]
[EventType "swiss"]
[EventRounds "5"]
[EventCountry "CAN"]
[SourceTitle "EXT 2022"]
[Source "ChessBase"]
[SourceDate "2021.10.06"]
[SourceVersion "1"]
[SourceVersionDate "2021.10.06"]
[SourceQuality "1"]

1. e4 c5 2. f4 d5 3. Bb5+ Bd7 4. Bxd7+ Qxd7 5. exd5 Qxd5 6. Nf3 Nf6 7. 0-0 e6 8. Nc3 Qd8 9. Qe2 Be7 10. Qb5+ Qd7 11. Ne5 Qxb5 12. Nxb5 Na6 13. d3 0-0 14. Bd2 Rfd8 15. c4 Nb4 16. Rf3 a6 17. Na3 Nd7 18. Bxb4 cxb4 19. Nc2 Rac8 20. Kf1 b5 21. b3 Bf6 22. Re1 a5 23. Nxd7 Rxd7 24. Re4 bxc4 25. Rxc4 Ra8 26. Ke2 Kf8 27. d4 Rad8 28. Rd3 h6 29. Rc5 Rd5 30. Rxd5 exd5 31. Ne3 g6 32. Rd2 Re8 33. Kf3 Rd8 34. Ke2 Re8 35. Kd3 Re4 36. Nxd5 Rxd4+ 37. Ke3 Rxd2 38. Kxd2 Bd8 39. Kd3 Ke8 40. Ke4 Kd7 41. Ke5 Kc6 42. g4 Kc5 43. f5 gxf5 44. gxf5 Bg5 45. Nf6 Kc6 46. Ne4 Bd8 47. h3 Bh4 48. Nd2 Kc5 49. Nf3 Bd8 50. f6 Bc7+ 51. Kf5 Kd5 52. h4 Bd6 53. h5 Bf8 54. Ne5 Kd4 55. Nxf7 Kc3 56. Ne5 Kb2 57. Nc4+ Kxa2 58. Nxa5 Kb2 59. Kg6 Kc3 60. Kf7 Bc5 61. Kg7 Bd4 62. Kg6 1-0

[Event "Hull Outaouais op"]
[Site "Hull"]
[Date "1996.11.23"]
[Round "2"]
[White "Berube, Richard"]
[Black "Taylor, Gordon"]
[Result "1-0"]
[WhiteElo "2330"]
[BlackElo "2329"]
[PlyCount "97"]
[EventDate "1996.11.22"]
[EventType "swiss"]
[EventRounds "5"]
[EventCountry "CAN"]
[SourceTitle "EXT 2022"]
[Source "ChessBase"]
[SourceDate "2021.10.06"]
[SourceVersion "1"]
[SourceVersionDate "2021.10.06"]
[SourceQuality "1"]

1. e4 c5 2. Nf3 Nc6 3. d4 cxd4 4. Nxd4 g6 5. Nc3 Bg7 6. Be3 Nf6 7. Bc4 Qa5 8. 0-0 0-0 9. Bb3 d6 10. h3 Bd7 11. Kh1 Nxd4 12. Bxd4 Bc6 13. Qe2 e5 14. Be3 Nxe4 15. Nxe4 Bxe4 16. Bd2 Bxg2+ 17. Kxg2 Qb6 18. Rad1 Qc6+ 19. Kh2 d5 20. c3 Kh8 21. Bg5 d4 22. cxd4 exd4 23. Bf4 Qf6 24. Qd2 Rad8 25. Bh6 Bxh6 26. Qxh6 Rfe8 27. Qd2 Re4 28. Rde1 Rde8 29. Rxe4 Rxe4 30. Qd3 Rf4 31. Qg3 Kg7 32. Bd5 b6 33. Bg2 h5 34. Kg1 h4 35. Qd3 g5 36. f3 Qe5 37. Rf2 Qe1+ 38. Qf1 Qa5 39. a3 Qc5 40. Rd2 a5 41. Qf2 Qc1+ 42. Bf1 Qc5 43. Bd3 Qc1+ 44. Kg2 Qc5 45. Re2 Qd6 46. Re4 Rxe4 47. fxe4 Qe5 48. Qf3 f6 49. Kf1 1-0

[Event "Montreal Paul Keres A"]
[Site "Montreal"]
[Date "1995.02.09"]
[Round "4"]
[White "Berube, Richard"]
[Black "Gladu, Pierre"]
[Result "1-0"]
[WhiteElo "2272"]
[BlackElo "2116"]
[PlyCount "111"]
[EventDate "1995.01.03"]
[EventType "swiss"]
[EventRounds "7"]
[EventCountry "CAN"]
[SourceTitle "EXT 2022"]
[Source "ChessBase"]
[SourceDate "2021.10.06"]
[SourceVersion "1"]
[SourceVersionDate "2021.10.06"]
[SourceQuality "1"]

1. d4 Nf6 2. Nf3 g6 3. g3 Bg7 4. Bg2 0-0 5. 0-0 d6 6. c4 Nbd7 7. Qc2 e5 8. Rd1 Re8 9. Nc3 c6 10. e4 exd4 11. Nxd4 Qb6 12. h3 Nc5 13. Be3 a5 14. Nb3 Qb4 15. Nxc5 dxc5 16. Na4 b5 17. Nb6 bxc4 18. Nxa8 Qb7 19. Bxc5 Qxa8 20. Bd4 Be6 21. Qc3 Qd8 22. f4 Qe7 23. Re1 c5 24. Bxf6 Bxf6 25. e5 Bg7 26. Qxa5 g5 27. Qc3 gxf4 28. gxf4 Qh4 29. Qf3 Rd8 30. Red1 Rd4 31. Rxd4 cxd4 32. a4 c3 33. bxc3 dxc3 34. a5 c2 35. Rc1 Qd8 36. Rxc2 Qxa5 37. Kh2 Qb4 38. Rc3 Bh6 39. Qa8+ Bf8 40. Rg3+ Kh8 41. Qe4 Qxe4 42. Bxe4 Bh6 43. Rf3 Bg7 44. Rd3 Bh6 45. Kg3 Bc4 46. Rd6 Bf8 47. Rd8 Kg7 48. Bxh7 Be7 49. Rd7 Bb4 50. Be4 Be1+ 51. Kg2 Be6 52. Rb7 Kh6 53. f5 Bc4 54. e6 fxe6 55. fxe6 Kh5 56. e7 1-0

[Event "Quebec Carnaval"]
[Site "Quebec"]
[Date "1995.02.05"]
[Round "5"]
[White "Berube, Richard"]
[Black "Tremblay, Sylvain"]
[Result "1-0"]
[WhiteElo "2271"]
[BlackElo "2137"]
[PlyCount "61"]
[EventDate "1995.02.03"]
[EventType "swiss"]
[EventRounds "5"]
[EventCountry "CAN"]
[SourceTitle "EXT 2022"]
[Source "ChessBase"]
[SourceDate "2021.10.06"]
[SourceVersion "1"]
[SourceVersionDate "2021.10.06"]
[SourceQuality "1"]

1. d4 Nf6 2. Nf3 e6 3. Bg5 c5 4. e3 h6 5. Bh4 Be7 6. Nbd2 d5 7. c3 Nbd7 8. Bd3 0-0 9. Ne5 Nxe5 10. dxe5 Nd7 11. Bg3 f5 12. h4 c4 13. Bc2 b5 14. Nf3 Nc5 15. Nd4 Bd7 16. Bf4 Qe8 17. g4 g5 18. hxg5 hxg5 19. gxf5 exf5 20. Qf3 Qf7 21. Qg2 g4 22. 0-0-0 Rfd8 23. f3 Bc8 24. fxg4 fxg4 25. Rh7 Qxh7 26. Bxh7+ Kxh7 27. Rh1+ Kg7 28. Qh2 Nd3+ 29. Kb1 Nxf4 30. Qh7+ Kf8 31. Qh8+ 1-0

[Event "Montreal Paul Keres A"]
[Site "Montreal"]
[Date "1995.01.24"]
[Round "3"]
[White "Tremblay, Alain"]
[Black "Berube, Richard"]
[Result "0-1"]
[WhiteElo "1906"]
[BlackElo "2272"]
[PlyCount "110"]
[EventDate "1995.01.03"]
[EventType "swiss"]
[EventRounds "7"]
[EventCountry "CAN"]
[SourceTitle "EXT 2022"]
[Source "ChessBase"]
[SourceDate "2021.10.06"]
[SourceVersion "1"]
[SourceVersionDate "2021.10.06"]
[SourceQuality "1"]

1. e4 c5 2. Nf3 d6 3. c3 Nf6 4. Be2 Nbd7 5. d3 e6 6. Nbd2 b6 7. 0-0 Bb7 8. Re1 Be7 9. a4 a6 10. Bf1 0-0 11. d4 cxd4 12. cxd4 Rc8 13. Bd3 Rc7 14. Nb1 Qa8 15. Nfd2 g6 16. Nc3 Nh5 17. Nc4 e5 18. d5 Rfc8 19. b3 Qa7 20. Be3 Nc5 21. Ne2 a5 22. g4 Nf6 23. f3 Ba6 24. Rb1 Nfd7 25. Rb2 Nxd3 26. Qxd3 Bxc4 27. bxc4 Rxc4 28. Reb1 Rxa4 29. Kg2 Bd8 30. h4 Rb4 31. Rxb4 axb4 32. Qb5 Rc2 33. Kg3 Nf8 34. Bh6 Qe7 35. Bg5 f6 36. Be3 Qd7 37. Qxd7 Nxd7 38. Nc1 Rc4 39. Na2 f5 40. gxf5 gxf5 41. exf5 Bxh4+ 42. Kh3 Be7 43. Kg3 h5 44. Nxb4 h4+ 45. Kg2 Kf7 46. Nc6 Rc2+ 47. Kh3 Rc3 48. Bxb6 Rxf3+ 49. Kg2 Rxf5 50. Nxe7 Kxe7 51. Bf2 Rf4 52. Rh1 Nf6 53. Bxh4 Kf7 54. Bxf6 Kxf6 55. Rd1 Rd4 0-1

[Event "St Jean op"]
[Site "St Jean sur Richelieu"]
[Date "1994.11.06"]
[Round "4"]
[White "Berube, Richard"]
[Black "Weston, Paul"]
[Result "1-0"]
[WhiteElo "2250"]
[BlackElo "2029"]
[PlyCount "135"]
[EventDate "1994.11.05"]
[EventType "swiss"]
[EventRounds "4"]
[EventCountry "CAN"]
[SourceTitle "EXT 2022"]
[Source "ChessBase"]
[SourceDate "2021.10.06"]
[SourceVersion "1"]
[SourceVersionDate "2021.10.06"]
[SourceQuality "1"]

1. d4 f5 2. Nc3 Nf6 3. Bg5 g6 4. e3 Bg7 5. h4 d6 6. h5 Be6 7. h6 Bf8 8. Bd3 Nbd7 9. Nf3 c6 10. e4 fxe4 11. Nxe4 Qb6 12. 0-0 0-0-0 13. Qe2 Bg4 14. c3 Nxe4 15. Bxe4 d5 16. Bd3 Re8 17. Bf4 e5 18. dxe5 Bd6 19. Be3 Bc5 20. Bxc5 Qxc5 21. Qe3 Qxe3 22. fxe3 Bxf3 23. gxf3 Rxe5 24. Kf2 Rhe8 25. Rae1 Nf6 26. c4 dxc4 27. Bxc4 Nd5 28. Bxd5 Rxd5 29. Rh1 Red8 30. e4 Ra5 31. a3 Rb5 32. Re2 Rb3 33. Rh4 Rf8 34. Rh3 Kd7 35. Kg2 Ke6 36. Rf2 Rf4 37. Rg3 Rh4 38. Rh3 Rxh3 39. Kxh3 Kf6 40. Kg4 Re3 41. Rd2 Ke7 42. Rd4 Re2 43. Rb4 b5 44. Rb3 Rh2 45. Rc3 Kd7 46. Rd3+ Ke6 47. Rc3 Kd7 48. Rd3+ Kc7 49. Kg5 c5 50. e5 c4 51. Rd5 Rxb2 52. e6 Re2 53. Kf6 c3 54. Rd7+ Kc8 55. Rd3 c2 56. Rc3+ Kd8 57. Kf7 Re5 58. Rxc2 Rf5+ 59. Kg7 Rxf3 60. Kxh7 Rxa3 61. Kg7 Ke7 62. h7 Rh3 63. Rc5 a6 64. Rc6 g5 65. Rxa6 g4 66. Rb6 g3 67. Rxb5 Kxe6 68. Rg5 1-0

[Event "St Jean op"]
[Site "St Jean sur Richelieu"]
[Date "1994.11.05"]
[Round "1"]
[White "Filiatreault, Marc"]
[Black "Berube, Richard"]
[Result "0-1"]
[WhiteElo "1884"]
[BlackElo "2250"]
[PlyCount "60"]
[EventDate "1994.11.05"]
[EventType "swiss"]
[EventRounds "4"]
[EventCountry "CAN"]
[SourceTitle "EXT 2022"]
[Source "ChessBase"]
[SourceDate "2021.10.06"]
[SourceVersion "1"]
[SourceVersionDate "2021.10.06"]
[SourceQuality "1"]

1. c4 Nf6 2. Nf3 g6 3. Nc3 Bg7 4. g3 0-0 5. Bg2 d6 6. 0-0 Nc6 7. d4 a6 8. e4 Bg4 9. Be3 Re8 10. Rc1 e5 11. d5 Nd4 12. h3 Nxf3+ 13. Bxf3 Bxh3 14. Bg2 Bd7 15. Qd3 Ng4 16. Bd2 f5 17. b4 Rf8 18. c5 f4 19. gxf4 exf4 20. f3 Ne5 21. Qe2 Qg5 22. Rf2 h5 23. Kf1 h4 24. Ke1 h3 25. Bf1 Qg3 26. Kd1 Nd3 27. Qxd3 Qxf2 28. c6 bxc6 29. dxc6 Be6 30. Kc2 h2 0-1